Anomaly detection in security and operational monitoring

Salvato in:
Dettagli Bibliografici
Autore principale: Tilihuzov, Vadym (Autore)
Altri autori: Ralbovský, Andrej (Relatore della tesi)
Natura: Manoscritto Libro
Lingua:slovacco
inglese
Pubblicazione: 2025
Soggetti:
Accesso online:http://is.stuba.sk/zp/portal_zp.pl?podrobnosti=162775
Tags: Aggiungi Tag
Nessun Tag, puoi essere il primo ad aggiungerne!!

MARC

LEADER 00000ntm a22000003a 4500
001 stuzp97054
003 SK-STU
005 20250614210430.7
007 ta
008 150427s2015----xo-----f-mn---000-0-slo-d
040 |a STU  |b slo 
041 0 |a eng 
100 1 |a Tilihuzov, Vadym  |u 070400  |4 aut  |U FIIT Fakulta informatiky a informačných technológií  |T FIIT Ústav počítačového inžinierstva a aplikovanej informatiky  |X 105307  |U I400  |Y 672  |7 105307 
242 0 1 |a Detekcia anomálií pri bezpečnostnom a prevádzkovom monitoringu  |y slo 
245 1 0 |a Anomaly detection in security and operational monitoring 
260 |c 2025 
650 4 |a Data Analysis  |2 eng 
650 4 |a Time Series Data  |2 eng 
650 4 |a System Health Monitoring  |2 eng 
650 4 |a Fast Response System  |2 eng 
650 4 |a Artificial Intelligence  |2 eng 
650 4 |a Security Monitoring  |2 eng 
650 4 |a Anomaly Detection  |2 eng 
650 4 |a Monitorovanie stavu systému  |2 slo 
650 4 |a Umelá inteligencia  |2 slo 
650 4 |a Bezpečnostné monitorovanie  |2 slo 
650 4 |a Analýza údajov  |2 slo 
650 4 |a Detekcia anomálií  |2 slo 
650 4 |a Systém rýchlej odozvy  |2 slo 
650 4 |a Údaje časových radov  |2 slo 
700 1 |a Ralbovský, Andrej  |u 070400  |k Z9  |4 ths  |U FIIT Fakulta informatiky a informačných technológií  |T FIIT Ústav počítačového inžinierstva a aplikovanej informatiky  |X 55756  |U I400  |Y 672  |7 A000055756 
856 4 |u http://is.stuba.sk/zp/portal_zp.pl?podrobnosti=162775